zpět

Detail výsledku týmu

The Pub Praha 2 PO, Praha

Datum a čas kvízu

34 Celkem bodů Celkový počet nahraných bodů na tomto kvízu bez doplňovacích otázek.
8. Pořadí na kvízu Konečné umístění týmu na tomto kvízu.

Zaznamenané odpovědi

# Otázka Odpověď Body Výsledky
1. Ve středu jsme si prostřednict... B) beze spěchu 1
2. Argentinský prezident Javier M... Falklandské (Malvínské) ostrovy 0
3. Švédská společnost Pophouse mi... Kiss 0
4. Český ministr zemědělství naří... sbírat lesní klest 1
5. Začátkem týdne dostal generáln... o basketbalu 0
6. Zobrazený anglický lékař roku... William Harvey 0
7. Kterým slovem na M se označuje... menarche/menarché 0
8. Vyberte nepravdivé tvrzení: B 1
9. Za půl bodu napište, jak se na... Alexej; hemofilie 0.5
10. Uveďte rodové jméno zvířete, p... makak (makak rhesus) 1